000 00671nam a2200241Ia 4500
003 OSt
005 20221005130729.0
006 a|||||r|||| 00| 0
007 ta
008 221004b |||||||| |||| 00| 0 ara d
020 _c450
024 _a38791
037 _b235, 12/03/2009, Nadwi Publications
_cTextual
040 _aCRL
_cCRL
_bara
041 _2ara
_aara
082 _aNQ677,M4,1:1, 28P5
100 _aAli Fatima Au.
_9629673
245 0 _aSalvador Dali
260 _c2005
650 _aPAINTING
_934359
942 _hNQ677,M4,1:1, 28P5
_cTEXL
_2cc
999 _c1058214
_d1058214